000 00277nam a22001217a 4500
008 180926b xxu||||| |||| 00| 0 eng d
041 _aeng
080 _a510
100 _a37
101 _aMAT
245 _aA First Of College Mathematics
_cBrink.R.W
942 _2udc
_cBK
999 _c48490
_d48490